000 00730nam a22001577a 4500
008 100623s1989 ua|||||r|||| 000 0 ara d
082 _222
_a201.16
_bف ر غ
100 _915132
_aفرغلي، يحيى هاشم حسن
245 _aحقيقة العلمانية :
_b /بين الخرافة والتخريب
_cيحيى هاشم حسن فرغلي
260 _aالقاهرة ك
_bدار الصابوني ، [1989?]
_c[1989?]
300 _a425 ص ؛
_c23 سم
500 _aيشتمل على حواشي
650 _98609
_aالعلمانية
942 _2ddc
_cBB
999 _c14190
_d14190